The anatomy of human destructiveness

Kaydedildi:
Detaylı Bibliyografya
Yazar: Fromm, Erich
Materyal Türü: Kitap
Dil:Undetermined
Baskı/Yayın Bilgisi: NewYork Pengiun Books 1973
Konular:
Etiketler: Etiketle
Etiket eklenmemiş, İlk siz ekleyin!
Thư viện lưu trữ: Trung tâm Học liệu Trường Đại học Cần Thơ
LEADER 00477nam a2200181Ia 4500
001 CTU_89306
008 210402s9999 xx 000 0 und d
082 |a 152.5 
082 |b F932 
100 |a Fromm, Erich 
245 4 |a The anatomy of human destructiveness 
245 0 |c Erich Fromm 
260 |a NewYork 
260 |b Pengiun Books 
260 |c 1973 
650 |a Aggressiveness,Violence 
904 |i Nguyên 
980 |a Trung tâm Học liệu Trường Đại học Cần Thơ